| 000 | 00664nam a2200193 i 4500 | ||
|---|---|---|---|
| 001 | 38318 | ||
| 003 | ES-MaACL | ||
| 005 | 20250723094625.0 | ||
| 007 | t| | ||
| 008 | 030225s1892 sp ||||1| spa d | ||
| 100 | 1 |
_aCalderón y Arana, Laureano, _d1847-1894 _933631 |
|
| 245 | 1 | 3 |
_aLa química descriptiva y la química racional : _bdiscurso leído en la Universidad Central en la inauguración del curso 1892-1893 / _cLaureano Calderón y Arana. |
| 260 |
_aMadrid : _b[s.n., _c1892] |
||
| 300 |
_a76 p. ; _c23 cm. |
||
| 650 | 0 | 7 |
_aQuímica _2embne _916625 |
| 710 | 2 |
_aUniversidad Central (Madrid) _97084 |
|
| 852 |
_aES-MaACL _jT-659-F-8 |
||
| 999 |
_c38318 _d38318 |
||